1963 1729 1204 1991 1761 1943 1044 1931 1844 1903 1528 1494 1737 1796 1081 1248 1223 1530 1298 1191 1661 1087 1331 1489 1463 1443 1353 1564 1133 1344 1512 1258 1570 1162 1309 1927 1487 1675 1032 1993 1555 1486 1373 1997 1409 1722 1934 1656 1769 1371 1171 1047 1312 1477 1886 1840 1905 1349 1376 1786 1686 1706 1487 1123 1179 1334 1793 1008 1104 1450 1955 1431 1617 1137 1125 1778 1430 1431 1846 1174 1048 1374 1890 1947 1869 1984 1688 1683 1194 1298 1744 1130 1560 1092 1115 1430 1775 1004 1187 BCNSPRNW ULIB Ver.6.0+V

เปลี่ยนเป็นภาษาไทย

Change to English
 แสดงรายละเอียดบรรณานุกรม
  กลับหน้าหลัก

Brief Record : Get Marc (ISO 2709) : E-mail record : QR code < ปิดหน้าต่าง
LEADER : 00000nam 2200000uu 4500
001    13399120808
003     ULIB
008    121017s2551||||th 000 0 tha d
020    ^a9789746723244(ล.1)
060  4 ^aWS113^bน578ก ล.1
100 0  ^aนิตยา ไทยาภิรมย์
110 1  ^aมหาวิทยาลัยเชียงใหม่^bคณะแพทย์ศาสตร์
245 00 ^aการสร้างเสริมสุขภาพเด็ก เล่ม1/^cบรรณาธิการ นิตยา ไทยาภิรมย์
250    ^aพิมพ์ครั้งที่ 1
260    ^aเชียงใหม่:^bมหาวิทยาลัยเชียงใหม่,^c2551
300    ^a111 หน้า
650  7 ^aเด็ก^xการเจริญเติบโต
650  7 ^aเด็ก^xการสร้างเสริมสุขภาพ
650  7 ^aเด็ก^xพัฒนาการ
650  7 ^aสุขภาพเด็ก
700 0  ^aนิตยา ไทยาภิรมย์,^eบรรณาธิการ
710 1  ^aมหาวิทยาลัยเชียงใหม่^bคณะแพทย์ศาสตร์
945    ^p180^l0^i15509
945    ^p180^l0^i15510
945    ^p180^l0^i15511
995    ^aทศพร
999    ^aทศพร เกษรทอง
รายการนี้ยังไม่มีแท็ก
คุณยังไม่ได้ล็อกอิน คุณสามารถมีกิจกรรมร่วมกับเว็บไซต์ได้ แต่ต้องล็อกอินก่อน ::
  ล็อกอิน

รายการสื่อสารสนเทศ

ลำดับที่ ประเภท เลขเรียก/บาร์โค้ด สถานที่ สถานะ
1. วิทยาศาสตร์การแพทย์ และสุขภาพ
วิทยาศาสตร์การแพทย์ และสุขภาพ
WS113 น578ก ล.1 ฉ.1 
  Barcode: 15509
ห้องสมุดวิทยาเขตสวรรค์ประชารักษ์
►ส่วนจัดเก็บหนังสือเก่า สปร
บนชั้น
  ขอยืม
2. วิทยาศาสตร์การแพทย์ และสุขภาพ
วิทยาศาสตร์การแพทย์ และสุขภาพ
WS113 น578ก ล.1 ฉ.2 
  Barcode: 15510
ห้องสมุดวิทยาเขตสวรรค์ประชารักษ์
►ส่วนจัดเก็บหนังสือเก่า สปร
บนชั้น
  ขอยืม
3. วิทยาศาสตร์การแพทย์ และสุขภาพ
วิทยาศาสตร์การแพทย์ และสุขภาพ
WS113 น578ก ล.1 ฉ.3 
  Barcode: 15511
ห้องสมุดวิทยาเขตสวรรค์ประชารักษ์
►ส่วนจัดเก็บหนังสือเก่า สปร
บนชั้น
  ขอยืม

รายการใกล้เคียง
    ผู้แต่ง [นิตยา ไทยาภิรมย์]

    หัวเรื่อง [สุขภาพเด็ก]

BibComment


ยังไม่เคยถูกคอมเมนท์

คอมเมนท์ทรัพยากรรายการนี้
  คอมเมนท์: การสร้างเสริมสุข..


 Copyright 2026. Bcnsprnw @Library